[Event "1.Frauenbundesliga 2018-19"]
[Site "Germany"]
[Date "2018.10.28"]
[Round "2"]
[White "Koepke, Elena"]
[Black "Osmanodja, Filiz"]
[Result "1/2-1/2"]
[WhiteElo "2271"]
[BlackElo "2348"]
[Annotator "TA"]
[PlyCount "91"]
[EventDate "2018.10.27"]
[EventType "team-tourn"]
[EventCountry "GER"]
[SourceTitle "playchess.com"]
[Source "ChessBase"]
[SourceQuality "1"]
[WhiteTeam "SF Deizisau"]
[BlackTeam "Hamburger SK"]

{[%evp 15,91,22,72,-65,-52,-50,-51,-54,-54,-60,-57,-47,-47,-38,-60,-50,-54,-36,-34,-103,-88,-119,-124,-158,-153,-156,-143,-158,-153,-171,-178,-252,-122,-100,-87,-203,-168,-199,-40,-35,-42,-51,0,0,0,0,54,0,0,0,2,-573,-173,-461,-10,-3,188,-69,87,-304,74,51,739,-519,0,0,0,0,0,0,0,0,0,0,0,0,0,0]} 1. e4 e5 2. Nf3 Nc6 3. Bb5 a6 4. Ba4 d6 5. c3 f5 6. exf5 Bxf5 7. d4 e4 8. Ng5 {C74: Ruy Lopez: Deferred Steinitz: 5 c3 f5} (8. Nfd2 Nf6 9. Nf1 Be7 10. Bg5 O-O 11. Ne3 Bg6 12. Nd2 Kh8 13. O-O b5 14. Bb3 Na5 15. Be6 c6 16. Bxf6 Rxf6 {0-1 (49) Malakhov,V (2686)-Fressinet,L (2662) Riadh 2017}) 8... d5 {LiveBook: 11 Games} 9. Nh3 (9. f3 $1 $16 {[%cal Rf3e4]} e3 10. Bxe3 (10. Bxc6+ bxc6 11. Bxe3 h6 $11)) 9... Nf6 10. Nf4 $146 {Black is slightly better.} ({Predecessor:} 10. Bg5 h6 11. Bh4 Bd6 12. Nd2 O-O 13. Bg3 e3 14. fxe3 Bxg3+ 15. hxg3 Ng4 16. Nf1 Qe7 17. Qd2 Rae8 18. O-O-O Qe4 19. Bc2 {½-½ (19) Tomkins,K (2260)-Edwards,M Seattle,WA 1984}) 10... Bg4 11. Qc2 Qd6 12. Be3 Be7 13. h3 Bd7 14. Nd2 g5 15. Ne2 Nh5 {[%cal Bf6h5,Bh5g7,Bg7f5][%mdl 32]} 16. g3 Ng7 17. Nf1 ({White should play} 17. Bxc6 $15 Qxc6 18. O-O-O) 17... Nf5 18. Qd2 h6 19. Ng1 b5 20. Bd1 b4 21. Bh5+ Kd8 22. Bg4 bxc3 23. Qxc3 (23. bxc3 {keeps fighting.} Na5 24. Bxf5 Bxf5 25. Ne2) 23... Qf6 (23... Nb4 $1 $19 {has better winning chances. And now ...Nd3+ would win.} 24. Be2 Rf8) 24. a3 $17 Ncxd4 {Strongly threatening ...Rf8.} (24... Nfxd4 25. O-O-O $11) (24... Rb8 {looks sharper.} 25. Bxf5 Qxf5 26. Nd2 Rf8 27. Ne2 Bd6) 25. O-O-O (25. Rd1 $17 {is a better defense.} c5 26. Bxf5 Nxf5 27. Qxf6 Bxf6 28. Bxc5) 25... c5 $1 $19 26. Bxf5 Qxf5 $2 (26... Nxf5 27. Rxd5 Qxc3+ 28. bxc3 $17) (26... Bxf5 $19 27. Rxd4 cxd4 28. Bxd4 Rc8 29. Bxf6 Bxf6 30. Qxc8+ Kxc8) 27. Bxd4 $15 cxd4 28. Qxd4 Rc8+ (28... Rf8 $15 29. Ne3 Qxf2) 29. Kb1 $11 Rf8 30. Ne3 $36 {[%mdl 2048] White is more active.} Qe6 (30... Qxf2 $11 31. Qxd5 Rc7) 31. Nxd5 ({White should try} 31. Ne2 $1 $14) 31... Bc5 32. Qg7 {With the idea Ne2.} Rxf2 {White must now prevent ...Rb8.} 33. Nc3 $2 {[%mdl 8192]} (33. Ne2 $11 {and White is okay.}) 33... Rb8 $2 (33... Rf7 34. Qh8+ Kc7 35. Nd5+ Kb8) 34. Qh8+ $2 (34. Nge2 Bxa3 35. Rd2) 34... Bf8 $2 (34... Kc7 $19 35. Nd5+ Kb7) 35. Nge2 Ke8 $2 {[#]} (35... Qf7 $11 {and Black stays safe.}) 36. Qd4 $2 (36. Rxd7 $1 $18 {[%mdl 512]} Rxe2 (36... Qxd7 37. Qe5+) 37. Nxe2 Kxd7 38. Rd1+ Kc7 39. Rf1) 36... e3 $2 (36... Bxa3 $15 {keeps the upper hand.} 37. Qxf2 e3) 37. Nd5 $2 {[%mdl 8192]} (37. Rd3 $16 {is necessary to keep the advantage.} Rf3 38. Rhd1 Bxa3 39. Qxd7+ Qxd7 40. Rxd7) 37... Qf5+ $2 (37... Kf7 $19 {Hoping for ...Bg7.} 38. Nc7 Qf5+ 39. Ka1 Kg8 40. Qxd7 Qxd7 41. Rxd7 Rxe2) 38. Ka1 $16 {Threatens to win with Nf6+!} Rxe2 $4 {[%mdl 8192] [#]} (38... Bd6 $14 39. Nxe3 Qf6) 39. Nxe3 $4 {[%mdl 8192]} (39. Rhf1 $1 $18 {[%cal Rf1f5] was the only winning move.} Rbxb2 40. Nc7+ Kd8 41. Rxf5 Ra2+ 42. Kb1 Reb2+ 43. Qxb2 Rxb2+ 44. Kxb2 Bg7+ 45. Kc2) 39... Bxa3 $2 (39... Qb5 $19 40. b4 Be6) 40. Qh8+ $11 {The position is equal.} ({Don't go for} 40. bxa3 $2 {[#]} Be6 $1 $19 {[%mdl 512]}) 40... Qf8 41. Qe5+ Kf7 {[%cal Ra3b2]} 42. Rxd7+ Kg6 $1 {[%cal Ra3b2]} 43. Qe4+ Kh5 44. Qg4+ $1 Kg6 45. Qe4+ ({Don't play} 45. Qxe2 Bxb2+ 46. Qxb2 (46. Kb1 Be5+ 47. Ka2 Rb2+ 48. Qxb2 Bxb2 $17) 46... Rxb2 $19) 45... Kh5 46. Qg4+ $1 {Precision: White = 31%, Black = 26%.} 1/2-1/2

[Event "1.Frauenbundesliga 2018-19"]
[Site "Germany"]
[Date "2018.10.28"]
[Round "2"]
[White "Jelica, Mara"]
[Black "Baciu, Diana"]
[Result "0-1"]
[WhiteElo "2162"]
[BlackElo "2266"]
[Annotator "TA"]
[PlyCount "44"]
[EventDate "2018.10.27"]
[EventType "team-tourn"]
[EventCountry "GER"]
[SourceTitle "playchess.com"]
[Source "ChessBase"]
[SourceQuality "1"]
[WhiteTeam "SF Deizisau"]
[BlackTeam "Hamburger SK"]

{[%evp 29,44,-27,-21,-152,-147,-230,-222,-163,-97,-222,-221,-2747,-2439,-5477,-5273,-1870,-1659]} 1. e4 e6 2. d4 d5 3. Nc3 Bb4 4. e5 c5 5. a3 Bxc3+ 6. bxc3 Ne7 7. Qg4 Qc7 8. Qxg7 Rg8 9. Qxh7 cxd4 10. Ne2 dxc3 11. f4 Nbc6 12. Qd3 d4 13. Nxd4 Nxd4 14. Qxd4 Bd7 15. a4 {C18: French: 3 Nc3 Bb4: Main line: 7 h4 and 7 Qg4} (15. Rg1 Nf5 16. Qf2 Qc6 17. g4 Qe4+ 18. Qe2 Qd5 19. Bg2 Qc5 20. Qf2 Nd4 21. Be4 O-O-O 22. Be3 Bc6 23. Bd3 {½-½ (37) Vachier Lagrave,M (2775)-Radjabov,T (2731) Tbilisi 2015 CBM 165 [Szabo,Kr]}) 15... Nf5 {LiveBook: 4 Games} 16. Qd3 {[#]} (16. Qf2 $1 $11) 16... O-O-O $1 $17 {[%cal Ba8d8,Bd8d1,Bd1h1][%mdl 32]} 17. Ra3 (17. Rg1 $17) 17... Bc6 18. Qxc3 $146 ({Predecessor:} 18. Qe2 Nd4 19. Qf2 Be4 20. Ra2 Qb6 21. Bd3 Bxg2 22. Rf1 Bxf1 23. Ra3 Bxd3 24. Rxc3+ Kb8 25. cxd3 Rg1+ 26. Kd2 Nb3+ 27. Ke2 Nxc1+ 28. Kf3 Qxf2+ 29. Kxf2 Rd1 {0-1 (29) Michael,O (1995)-Praveen Kumar,C (2251) Penang 2014}) 18... Nh4 (18... Kb8 $19 {Strongly threatening ...Qe7.} 19. Rb3 Qd7) 19. Bb5 (19. g3 $17 {was called for.}) 19... Nxg2+ $19 ({Don't do} 19... Rxg2 20. Bxc6 Qxc6 21. Qxc6+ bxc6 22. Rd3 $17) 20. Kf2 $2 {[#]} (20. Ke2 Nxf4+ 21. Bxf4 Bxh1 22. Qxc7+ Kxc7 23. Ke3) 20... Qb6+ {Black is clearly winning.} 21. Kf1 Rd1+ 22. Ke2 Rxh1 0-1

[Event "1.Frauenbundesliga 2018-19"]
[Site "Germany"]
[Date "2018.10.28"]
[Round "2"]
[White "Zahn, Alina"]
[Black "Valkova, Angelika"]
[Result "1-0"]
[WhiteElo "2096"]
[BlackElo "1918"]
[Annotator "NA RC"]
[PlyCount "75"]
[EventDate "2018.10.27"]
[EventType "team-tourn"]
[EventCountry "GER"]
[SourceTitle "playchess.com"]
[Source "ChessBase"]
[SourceQuality "1"]
[WhiteTeam "Hamburger SK"]
[BlackTeam "SF Deizisau"]
[TimeControl "40/5400+30:1800+30"]

1. e4 {[%emt 0:00:00]} e6 {[%emt 0:00:00]} 2. d4 {[%emt 0:00:00]} d5 {[%emt 0:00:00]} 3. Bd3 {[%emt 0:00:00]} Nf6 {[%emt 0:00:00]} 4. e5 {[%emt 0:00:00]} Nfd7 {[%emt 0:00:00]} 5. f4 {[%emt 0:00:18]} c5 {[%emt 0:00:06]} 6. c3 {[%emt 0:00:09]} Nc6 {[%emt 0:00:24]} 7. Nf3 {[%emt 0:00:10]} cxd4 {[%emt 0:01:08]} 8. cxd4 {[%emt 0:00:15]} f6 {[%emt 0:06:32]} 9. O-O {[%emt 0:05:24]} Be7 {[%emt 0:04:03]} 10. Ng5 {[%emt 0:20:32]} Nf8 {[%emt 0:04:19]} 11. Qh5+ {[%emt 0:07:51]} Kd7 {[%emt 0:16:27]} 12. Nf3 {[%emt 0:05:25]} g6 {[%emt 0:09:24]} 13. Qh3 {[%emt 0:00:14]} Qb6 {[%emt 0:04:26]} 14. Kh1 {[%emt 0:12:44]} f5 {[%emt 0:18:37]} 15. Rd1 {[%emt 0:06:26]} Kd8 {[%emt 0:03:47]} 16. Nc3 {[%emt 0:09:28]} Bd7 {[%emt 0:01:18]} 17. Rb1 {[%emt 0:01:10]} Rc8 {[%emt 0:05:19]} 18. Be3 {[%emt 0:00:17]} Na5 {[%emt 0:00:52]} 19. Bf2 {[%emt 0:02:16]} Ke8 {[%emt 0:02:41]} 20. Bh4 {[%emt 0:05:19]} Qd8 {[%emt 0:01:00]} 21. g4 {[%emt 0:07:19]} Nc4 {[%emt 0:04:32]} 22. gxf5 {[%emt 0:04:15]} gxf5 {[%emt 0:00:06]} 23. Rg1 {[%emt 0:00:58]} Ng6 {[%emt 0:03:17]} 24. Bxe7 {[%emt 0:01:45]} Kxe7 {[%emt 0:00:04]} 25. Qg3 {[%emt 0:05:25]} Rg8 {[%emt 0:06:26]} 26. Ng5 {[%emt 0:00:28]} h6 {[%emt 0:00:45]} 27. Nh7 {[%emt 0:00:53]} Nd2 {[%emt 0:02:40]} 28. Rbd1 {[%emt 0:01:09]} Ne4 {[%emt 0:00:08]} 29. Bxe4 {[%emt 0:00:17]} dxe4 {[%emt 0:00:51]} 30. Nf6 {[%emt 0:00:11]} Rg7 {[%emt 0:00:05]} 31. Qh3 {[%emt 0:00:56]} Qh8 {[%emt 0:01:23]} 32. Qe3 {[%emt 0:01:02]} Nh4 {[%emt 0:01:15]} 33. Rxg7+ {[%emt 0:01:15]} Qxg7 {[%emt 0:00:04]} 34. Rg1 {[%emt 0:00:10]} Qf7 {[%emt 0:00:37]} 35. d5 {[%emt 0:00:27]} exd5 {[%emt 0:01:11]} 36. Ncxd5+ {[%emt 0:00:11]} Ke6 {[%emt 0:00:43]} 37. Qb3 {[%emt 0:00:47]} Rd8 {[%emt 0:02:13]} 38. Nc7+ {[%emt 0:00:36]} 1-0

[Event "1.Frauenbundesliga 2018-19"]
[Site "Germany"]
[Date "2018.10.28"]
[Round "2"]
[White "Gosciniak, Maria"]
[Black "Milliet, Sophie"]
[Result "1-0"]
[WhiteElo "2070"]
[BlackElo "2389"]
[Annotator "TA"]
[PlyCount "87"]
[EventDate "2018.10.27"]
[EventType "team-tourn"]
[EventCountry "GER"]
[SourceTitle "playchess.com"]
[Source "ChessBase"]
[SourceQuality "1"]

{[%evp 15,87,-8,35,-17,-20,-42,-27,-30,-11,-30,-37,-41,-9,-30,-15,-8,-3,-28,33,41,39,0,0,0,3,6,14,0,0,0,0,0,0,0,0,-23,0,0,0,0,0,0,0,0,0,-34,-34,-35,-17,-147,262,250,263,249,232,222,312,308,300,304,297,300,458,308,299,281,429,415,617,622,1834,1834,12841,12842]} 1. c4 Nf6 2. g3 g6 3. Bg2 Bg7 4. Nc3 O-O 5. e3 d6 6. Nge2 e5 7. O-O Re8 8. d4 e4 {LiveBook: 13 Games. E61: King's Indian: Early deviations for White, including Smyslov System} (8... Nbd7 9. h3 h5 10. Qc2 c6 11. b3 Nf8 12. Rd1 Qe7 13. e4 Ne6 14. d5 cxd5 15. cxd5 Nc5 16. b4 Na6 17. a3 Bd7 18. Be3 Rec8 19. Qd3 {½-½ (44) Aronian,L (2801)-Grischuk,A (2771) Moscow 2010}) 9. Qc2 (9. h3 $14) 9... Bf5 $11 10. a3 $146 ({Predecessor:} 10. h3 h5 11. b4 Nbd7 12. b5 Nf8 13. Kh2 N8h7 14. Qd1 Qd7 15. Nf4 Ng5 16. Bd2 {1-0 (37) Pena Gomez,M (2412)-Camacho Collados,M (2425) Badajoz 2013}) 10... h5 {Black is slightly better.} 11. h4 Nbd7 12. b4 c6 13. Nf4 Nf8 14. Rb1 Qc8 15. Bb2 Ne6 16. Nce2 Nc7 ({Better is} 16... d5 $11) 17. d5 $14 cxd5 18. Bxf6 Bxf6 19. cxd5 Nb5 $36 {[%cal Bc7b5,Bb5c3,Bc3e2][%mdl 2080] Black fights for an advantage.} 20. Qb3 Nc3 21. Rbc1 {[%cal Re2c3]} Nxe2+ 22. Nxe2 Qd7 23. Rc4 Rac8 24. Rfc1 Be5 25. Bxe4 Bxe4 26. Rxe4 Rxc1+ 27. Nxc1 Qf5 28. Rc4 b5 $1 {[%cal Rb5c4]} 29. Rc2 Qf3 $1 30. Ne2 g5 31. hxg5 {g6 is the strong threat.} h4 $1 {[%cal Rh4h3] ( -> ...h3)} 32. gxh4 {[#]} (32. Qb1 $1 $11) 32... Qg4+ $2 {[%mdl 8192]} (32... Kf8 $1 $17 33. Kf1 Qh1+ 34. Ng1 Bh2) 33. Kf1 $18 {[%cal Bg1f1,Bf1e1,Be1d2][%mdl 32]} Qh3+ 34. Ke1 Qxh4 35. Qd3 a6 (35... Qxg5 $142 36. f4 (36. Qxb5 Kf8 $18) 36... Qh4+ 37. Kd2 Bh8 38. Qxb5 Qe7) 36. Qf5 Qh1+ 37. Kd2 Qxd5+ {[#]} 38. Nd4 $1 {[%mdl 512]} Kg7 (38... Qg2 $142 39. Rc7 Rf8) (38... Bxd4 39. Qxd5) 39. Qf3 Qxf3 40. Nxf3 a5 (40... f6 {was worth a try.} 41. Rc7+ Kg6) 41. Nxe5 Rxe5 (41... dxe5 $142 42. bxa5 Ra8) 42. bxa5 {[%cal Bb4a5,Ba5a6][%mdl 32] White is clearly winning.} Rxg5 43. a6 Kf6 44. Rc8 {Precision: White = 57%, Black = 51%.} 1-0

[Event "1.Frauenbundesliga 2018-19"]
[Site "Germany"]
[Date "2018.10.28"]
[Round "2"]
[White "Waechter, Nathalie"]
[Black "Videnova, Iva"]
[Result "1-0"]
[WhiteElo "1990"]
[BlackElo "2326"]
[Annotator "TA"]
[PlyCount "97"]
[EventDate "2018.10.27"]
[EventType "team-tourn"]
[EventCountry "GER"]
[SourceTitle "playchess.com"]
[Source "ChessBase"]
[SourceQuality "1"]

{[%evp 9,97,0,0,0,7,12,15,-55,-32,-48,0,3,10,0,7,-18,-12,-29,0,0,0,0,0,0,-1,-7,-5,-3,0,0,0,-5,22,0,27,28,69,47,72,79,86,83,102,92,99,85,133,7,113,127,218,202,238,236,267,89,200,193,302,251,235,0,0,0,0,0,0,6,29989,29990,29990,1901,1757,1689,1679,1583,2370,1972,29965,29959,7390,5854,7380,7458,29980,29981,29981,29982,29983,29984]} 1. d4 Nf6 2. c4 g6 3. Nc3 d5 4. e3 Bg7 5. b4 (5. cxd5 Nxd5 6. Nxd5 Qxd5 7. Ne2 O-O 8. Nc3 Qd6 9. Be2 c6 10. O-O e5 11. dxe5 Qxe5 12. e4 Nd7 13. Be3 {0-1 (36) Rakhmanov,A (2653)-Li,C (2732) Riadh 2017}) 5... c6 6. Bb2 {D80: Grünfeldindisch (4.Lg5)} a5 7. b5 O-O 8. Qb3 $146 (8. Nf3 $11) ({Vorgänger:} 8. a4 Be6 9. c5 b6 10. Nf3 bxc5 11. dxc5 Ne4 12. Nd4 Nxc5 13. Nxc6 Nxc6 14. bxc6 d4 15. c7 dxc3 16. cxd8=Q Raxd8 17. Qxd8 Rxd8 18. Ba3 c2 19. Rc1 Bc3+ 20. Ke2 Bg4+ {0-1 (20) Kluge,H (1967)-Videnova,I (2320) Germany 2018}) 8... dxc4 9. Bxc4 cxb5 (9... a4 $15 10. Qb4 cxb5 11. Bxb5 Nc6) 10. Bxb5 $11 ({Ein No Go ist} 10. Qxb5 Bd7 $15) 10... Be6 11. Qc2 Nc6 12. Bxc6 bxc6 13. Nge2 Nd5 (13... c5 $5) 14. Nxd5 cxd5 15. O-O Qd6 16. a4 Rfc8 17. Qd2 Rc4 18. Rfc1 Bd7 19. Rxc4 dxc4 20. Ba3 Qf6 21. Bc5 Bf8 22. Qa2 Qa6 23. Rb1 Qc6 24. Nc3 $1 Be6 25. Rb6 Qd7 26. Qb2 h5 27. Rb7 Qe8 28. Qb6 (28. Qb5 $16) 28... Bc8 {[#]} (28... Bd7 $11 {hält das Gleichgewicht.}) 29. Ra7 $1 $36 {[%cal Ra7a8][%mdl 2048] Weiss ist am Drücker.} Bd7 {[#]} (29... Rxa7 $16 30. Qxa7 Qd8) 30. Qxa5 $1 $18 ({Nicht} 30. Rxa5 Rb8 $15) 30... Rb8 31. h3 Bc6 32. Bb6 $2 (32. d5 $18 {bietet bessere Gewinnchancen.} Bb7 33. Qc7) 32... e6 (32... Bxg2 $16 33. Kxg2 Qc6+ 34. d5 (34. Nd5 e6 $14) 34... Qxb6) 33. Bc5 Rb3 (33... Ra8 {war nötig.} 34. Rxa8 Qxa8 35. Qxa8 Bxa8) 34. Bxf8 Qxf8 35. Nb5 $2 (35. Rc7 $18 Qd8 36. Qe5) 35... Bxb5 $11 36. axb5 {[%mdl 4096] Endspiel KDT-KDT} Rb1+ 37. Kh2 Qd6+ $1 38. f4 {Und Tc7 würde nun gewinnen.} Qd5 $2 {[%mdl 8192]} (38... Rb3 $11) 39. Qc7 e5 40. Qc8+ (40. e4 $142 Qe6 41. Qd8+ Kg7 42. Ra8 Qxh3+ 43. gxh3 Rb2+ 44. Kg3 Rb3+ 45. Kh4 g5+ 46. fxg5 Rxh3+ 47. Kxh3 exd4 48. Qg8#) 40... Kg7 $18 41. Ra8 Qxa8 42. Qxa8 exd4 43. exd4 {[%cal Be3d4,Bd4d5][%mdl 32]} Rxb5 {KD-KT} 44. Qc6 Rf5 45. g3 g5 46. fxg5 Rxg5 47. d5 {Weiß setzt Matt.} Rg6 48. Qxc4 Kf8 49. Qc7 {Precision: Weiß = 54%, Schwarz = 24%.} 1-0

[Event "1.Frauenbundesliga 2018-19"]
[Site "Germany"]
[Date "2018.10.28"]
[Round "2"]
[White "Marx, Inga"]
[Black "Zpevakova, Jana"]
[Result "0-1"]
[WhiteElo "1863"]
[BlackElo "2056"]
[Annotator "NA RC"]
[PlyCount "80"]
[EventDate "2018.10.27"]
[EventType "team-tourn"]
[EventCountry "GER"]
[SourceTitle "playchess.com"]
[Source "ChessBase"]
[SourceQuality "1"]
[WhiteTeam "Tura Harksheise"]
[BlackTeam "SK Schwäbisch Hall"]
[TimeControl "40/5400+30:1800+30"]

1. e4 {[%emt 0:00:00]} c6 {[%emt 0:00:00]} 2. Nf3 {[%emt 0:00:00]} d5 {[%emt 0:00:00]} 3. exd5 {[%emt 0:00:00]} cxd5 {[%emt 0:00:00]} 4. Ne5 {[%emt 0:00:02]} Nc6 {[%emt 0:00:39]} 5. Bb5 {[%emt 0:00:25]} Bd7 {[%emt 0:01:13]} 6. Nxd7 {[%emt 0:01:08]} Qxd7 {[%emt 0:00:16]} 7. d4 {[%emt 0:00:39]} Nf6 {[%emt 0:04:18]} 8. c3 {[%emt 0:00:53]} e6 {[%emt 0:01:56]} 9. Nd2 {[%emt 0:01:27]} Bd6 {[%emt 0:04:05]} 10. O-O {[%emt 0:00:52]} a6 {[%emt 0:03:31]} 11. Bd3 {[%emt 0:00:58]} O-O {[%emt 0:03:29]} 12. f4 {[%emt 0:18:49]} Qc7 {[%emt 0:05:19]} 13. Qe1 {[%emt 0:05:55]} g6 {[%emt 0:12:39]} 14. Nf3 {[%emt 0:06:30]} Nh5 {[%emt 0:12:26]} 15. Ne5 {[%emt 0:05:01]} Ng7 {[%emt 0:02:26]} 16. Ng4 {[%emt 0:07:02]} f6 {[%emt 0:02:33]} 17. Nh6+ {[%emt 0:14:27]} Kh8 {[%emt 0:00:41]} 18. Qh4 {[%emt 0:02:57]} Nf5 {[%emt 0:03:46]} 19. Nxf5 {[%emt 0:02:15]} exf5 {[%emt 0:00:39]} 20. Re1 {[%emt 0:03:11]} Kg7 {[%emt 0:02:52]} 21. Bd2 {[%emt 0:03:22]} Rae8 {[%emt 0:01:52]} 22. Qf2 {[%emt 0:02:26]} Qd7 {[%emt 0:09:12]} 23. Qf3 {[%emt 0:01:31]} Bc7 {[%emt 0:00:37]} 24. Bc2 {[%emt 0:02:09]} Na5 {[%emt 0:03:37]} 25. b3 {[%emt 0:02:23]} b5 {[%emt 0:03:10]} 26. Rxe8 {[%emt 0:01:02]} Rxe8 {[%emt 0:00:14]} 27. Re1 {[%emt 0:00:23]} Rxe1+ {[%emt 0:02:33]} 28. Bxe1 {[%emt 0:00:06]} Qe6 {[%emt 0:00:51]} 29. Kf1 {[%emt 0:02:04]} Kf7 {[%emt 0:03:04]} 30. g3 {[%emt 0:01:44]} Qc6 {[%emt 0:03:37]} 31. h4 {[%emt 0:03:20]} Nb7 {[%emt 0:02:22]} 32. g4 {[%emt 0:03:33]} fxg4 33. Qxg4 {[%emt 0:00:06]} f5 {[%emt 0:04:02]} 34. Qf3 {[%emt 0:01:10]} Nd6 {[%emt 0:00:24]} 35. h5 {[%emt 0:02:50]} Ne4 {[%emt 0:01:00]} 36. hxg6+ {[%emt 0:00:50]} hxg6 {[%emt 0:01:04]} 37. Ke2 {[%emt 0:02:22]} Qd6 {[%emt 0:03:31]} 38. Bd2 {[%emt 0:02:22]} Qa3 {[%emt 0:02:26]} 39. Bb1 {[%emt 0:02:28]} Qb2 {[%emt 0:00:33]} 40. Qd3 {[%emt 0:00:41]} Bxf4 {[%emt 0:00:28]} 0-1

[Event "1.Frauenbundesliga 2018-19"]
[Site "Germany"]
[Date "2019.01.12"]
[Round "5"]
[White "Bodnaruk, Anastasia"]
[Black "Bluhm, Sonja Maria"]
[Result "1-0"]
[WhiteElo "2413"]
[BlackElo "2235"]
[Annotator "TA"]
[PlyCount "91"]
[EventDate "2018.10.27"]
[EventType "team-tourn"]
[EventCountry "GER"]
[SourceTitle "playchess.com"]
[Source "ChessBase"]
[SourceQuality "1"]

{[%evp 32,91,46,0,0,0,14,14,21,14,19,-2,26,31,29,-27,-15,-21,-14,-14,0,-35,21,-55,0,-11,25,25,14,-133,-118,-124,0,0,2,-60,-58,-57,0,0,0,0,0,8,146,154,406,370,367,390,415,366,504,508,1143,1154,1710,1586,29997,29998,29998,29999]} 1. e4 e5 2. Nf3 Nc6 3. Bb5 a6 4. Ba4 Nf6 5. O-O Be7 6. Re1 b5 7. Bb3 d6 8. c3 O-O 9. h3 Nb8 10. d4 Nbd7 11. Nbd2 Bb7 12. Bc2 Re8 13. Nf1 Bf8 14. Ng3 g6 15. a4 c6 {C95: Closed Ruy Lopez: Breyer Variation with 10 d4} 16. b3 Qc7 17. Bb2 {LiveBook: 13 Games} (17. Bg5 Bg7 18. Qd2 Nf8 19. Bh6 Ne6 20. Bxg7 Kxg7 21. Rad1 Rad8 22. b4 Bc8 23. Bb3 Nf4 {1-0 (45) Duda,J (2737)-Karjakin,S (2773) chess.com INT 2018}) 17... Rad8 {The position is equal.} 18. axb5 cxb5 19. d5 Ra8 $146 ({Predecessor:} 19... Nc5) 20. Qe2 Reb8 21. Nd2 Bc8 22. b4 Nb6 23. Ngf1 (23. Qf3 $142 Bh6 24. Nb3 (24. Qxf6 Bxd2 25. Red1 Bh6 $11)) 23... Nh5 24. Ne3 Nf4 25. Qf1 h5 26. Nf3 Be7 ({Black should try} 26... a5 $15) 27. h4 (27. Reb1 $11) 27... Qd8 28. Kh1 Bf8 29. g3 Nh3 30. Nf5 (30. Bc1 $11 {keeps the balance.}) 30... gxf5 $17 31. exf5 {[#]} Nxd5 ({And not} 31... Nc4 32. Bc1 $11) (31... Nxf2+ $1 $17 {[%mdl 512]} 32. Qxf2 Nxd5) 32. Qxh3 $11 Nf6 33. Nh2 (33. Ng5 $11) 33... Bb7+ 34. f3 Bh6 (34... a5 $15) 35. g4 $1 {[%cal Bg3g4,Bg4g5][%mdl 32]} Bf4 36. g5 Nd5 37. f6 {Strongly threatening Qf5.} Bc8 {[#]} (37... Qc8 $11 38. Qg2 Kf8) 38. Qf1 $1 $40 {[%mdl 128] White has strong attack.} Bxh2 $2 (38... Nxf6 $16 39. gxf6 Qxf6) 39. Qd3 $18 {Qh7+ would kill now.} ({Not} 39. Kxh2 Nf4 $16) 39... Nxf6 {...Bf4 is the strong threat.} 40. Kxh2 e4 41. Qd2 (41. Qd4 Qd7 $18) 41... Ne8 42. Bxe4 Ra7 {[#]} (42... d5 $142 43. Bxd5 Bb7) 43. c4 $1 {[%mdl 512]} Qd7 {[#]} (43... bxc4 44. Qd4) 44. Bf5 $1 {[%mdl 576] Deflection} Qxf5 45. Rxe8+ Kh7 46. Rh8+ {Accuracy: White = 45%, Black = 22%.} 1-0

[Event "1.Frauenbundesliga 2018-19"]
[Site "Germany"]
[Date "2019.01.12"]
[Round "5"]
[White "Majdan, Joanna"]
[Black "Mar, Karmen"]
[Result "1-0"]
[WhiteElo "2386"]
[BlackElo "2063"]
[Annotator "NA"]
[PlyCount "57"]
[EventDate "2018.10.27"]
[EventType "team-tourn"]
[EventCountry "GER"]
[SourceTitle "playchess.com"]
[Source "ChessBase"]
[SourceQuality "1"]
[TimeControl "40/5400+30:1800+30"]

1. e4 {[%emt 0:00:00]} c5 {[%emt 0:00:00]} 2. Nf3 {[%emt 0:00:00]} d6 {[%emt 0:00:00]} 3. d4 {[%emt 0:00:00]} cxd4 {[%emt 0:00:00]} 4. Nxd4 {[%emt 0:00:00]} Nf6 {[%emt 0:00:05]} 5. Nc3 {[%emt 0:00:04]} a6 {[%emt 0:00:24]} 6. Bg5 {[%emt 0:01:58]} e6 {[%emt 0:01:18]} 7. f4 {[%emt 0:00:31]} Be7 {[%emt 0:01:13]} 8. Qf3 {[%emt 0:00:43]} Qc7 {[%emt 0:08:58]} 9. O-O-O {[%emt 0:01:07]} Nc6 {[%emt 0:05:06]} 10. Nxc6 {[%emt 0:07:04]} Qxc6 {[%emt 0:13:08]} 11. Bd3 {[%emt 0:05:38]} O-O {[%emt 0:23:21]} 12. Kb1 {[%emt 0:09:45]} Re8 {[%emt 0:03:39]} 13. Qh3 {[%emt 0:07:25]} e5 {[%emt 0:20:50]} 14. f5 {[%emt 0:00:24]} b5 {[%emt 0:00:35]} 15. g4 {[%emt 0:06:15]} b4 {[%emt 0:01:54]} 16. Nd5 {[%emt 0:00:05]} Qb7 {[%emt 0:03:52]} 17. Bxf6 {[%emt 0:00:36]} Bxf6 {[%emt 0:00:10]} 18. Nxf6+ {[%emt 0:03:25]} gxf6 {[%emt 0:00:02]} 19. Qh6 {[%emt 0:00:05]} Qe7 {[%emt 0:01:37]} 20. Rhg1 {[%emt 0:00:18]} Qf8 {[%emt 0:05:02]} 21. Qxf6 {[%emt 0:00:06]} Qe7 {[%emt 0:00:15]} 22. Qh6 {[%emt 0:03:02]} Qf8 {[%emt 0:00:40]} 23. Qh4 {[%emt 0:00:43]} Qg7 {[%emt 0:02:12]} 24. g5 {[%emt 0:00:06]} Kh8 {[%emt 0:02:15]} 25. Bc4 {[%emt 0:00:53]} Bb7 {[%emt 0:03:14]} 26. Rxd6 {[%emt 0:00:09]} Rad8 {[%emt 0:00:57]} 27. Rh6 {[%emt 0:01:00]} Rd7 {[%emt 0:01:34]} 28. f6 {[%emt 0:00:22]} Qg8 {[%emt 0:00:41]} 29. g6 {[%emt 0:00:10]} 1-0